| 000 | 00531 a2200169 4500 | ||
|---|---|---|---|
| 005 | 20250516083905.0 | ||
| 020 | _a978-0-07-337839-8 | ||
| 082 | _aLECT 371.102 CRU | ||
| 100 | _aCRUICKSHANK, D. R. | ||
| 245 | _aThe Act of Teaching | ||
| 250 | _a5th Ed. | ||
| 260 |
_aBoston, _bMcGraw-Hill, _c2009. |
||
| 300 |
_axxiii, 536p.: ill.; figure, picture, table. _bGlossary & Index. _c27cm. |
||
| 700 | _aJENKINS, D. B & METCALF, K. K. | ||
| 856 |
_yAccess Online Book _fThe Act of Teaching _dwww.mhhe.com/cruickshank5e |
||
| 942 |
_2ddc _cBKS |
||
| 999 |
_c2357 _d2357 |
||